| 000 | 00484nam a22001817a 4500 | ||
|---|---|---|---|
| 005 | 20251108175728.0 | ||
| 008 | 250721s2018 xx 000 0 ara d | ||
| 082 | 1 | 4 | _aق/هوا |
| 100 | 1 | _aهوا، يو | |
| 245 | 1 | 0 | _aنهر الزمن / |
| 264 | 1 |
_aميلانو : _bالمتوسط، _c2018. |
|
| 300 | _a282 ص. | ||
| 650 | 1 | 7 | _aالادب المترجم |
| 650 | 1 | 7 | _aالروايات |
| 700 | 1 |
_aمختار، يحيى _eمترجم |
|
| 942 |
_2ddc _cBK |
||
| 999 |
_c140996 _d140996 |
||